PPP : Pasolini, un segreto italiano /

Guardat en:
Dades bibliogràfiques
Autor principal: Lucarelli, Carlo, (1960- )
Format: Llibre
Idioma:italià
Publicat: [Milano] : Rizzoli, 2015
Col·lecció:La scala
Matèries:
Etiquetes: Afegir etiqueta
Sense etiquetes, Sigues el primer a etiquetar aquest registre!

MARC

LEADER 00000nam a2200000 i 4500
001 IT\ICCU\ANA\0499080
003 ItRI
005 20260115232050.0
008 151019s2015 it |||||| ||||| |||||c
015 |2 IT  |a 2016-614 
020 |a 9788817083812 
040 |b ita  |c importazione bologna sebina 
041 7 |a ita  |2 ISO-639-2 
082 |a 364.1523092  |9 OMICIDIO PREMEDITATO. Persone  |2 23 
100 1 |a Lucarelli, Carlo,  |d  (1960- )  |0 IT\ICCU\CFIV\108929 
245 1 0 |a PPP :  |b Pasolini, un segreto italiano /  |c Carlo Lucarelli. 
260 |a [Milano] :  |b Rizzoli,  |c 2015 
300 |a 219 p. ;  |c 21 cm 
650 7 |a Pasolini, Pier Paolo  |x Omicidio 
830 3 |a La scala  |0 IT\ICCU\CFI\0000061 
942 |2 ddc  |c BK  |n 0 
952 |0 0  |1 0  |4 0  |6 DOC_364_152000000000000_LUC  |7 0  |9 19438  |a BO  |b BO  |d 2026-01-15  |i 18041  |l 0  |o DOC 364.152 LUC  |p BO18041  |r 2026-01-15 23:20:50  |w 2026-01-15  |x [Sebina 5] [1 v.]  |y BK  |z 1 v. 
999 |c 16549  |d 16549